000 00785nam a2200265 c 4500
001 000030699
003 RuMoIPM
005 20260601111638.0
008 230210s1972 ru ||||||| |||| ||rus d
035 _a(RuMoBEN) 001965179
035 _a(ELAR retro) [2022] 000035825
040 _aRuMoBEN
_brus
_ercr
041 0 _arus
044 _aru
080 _a511.2
080 _a517.1
100 1 _aБоревич, Зенон Иванович
245 1 0 _aТеория чисел
_cЗ. И. Боревич, И. Р. Шафаревич
250 _a2-е изд.
260 _aМосква
_bНаука
_c1972
300 _a495 с.
_bчерт.
504 _aПредм. указ.: с. 494-495
700 1 _aШафаревич, Игорь Ростиславович
942 _cBK
999 _c30699
_d30699